000 01244cam a22002535a 4500
001 L137568
008 070416s2007 xxk f 000 0 eng d
020 _a9781905018512
035 _a(Sirsi) u137568
041 0 _aeng
050 0 4 _a306.52 $2 18
100 1 _aJones, Mervyn
110 2 _aChartered Institute of Housing
_92394
245 0 4 _aThe rationalisation of housing association stock
_ba guide and toolkit
_h[electronic resource]
260 _aCoventry
_bChartered Institute of Housing
_c2007
520 _aThe guide is intended to assist housing associations that are considering rationalisation of their housing stock. It explores the circumstances under which rationalisation may be appropriate and the various forms it may take. Details the issues that need to be taken into account when implementing such a programme, including valuation, legal and accounting matters.
590 _aKA
650 2 4 _aAffordable housing
_96215
651 4 _aUnited Kingdom
_y
690 _aPROPERTY-RESIDENTIAL PROPERTY-DOMESTIC RESIDENTIAL PROPERTY-HOUSING
700 1 _aWebb, Sarah
_eEditor
856 4 0 _uhttps://www.housingcorp.gov.uk/server/show/ConWebDoc.10669
_zView the item free of charge at www.housingcorp.gov.uk...
942 _n0
999 _c106827
_d106827